Denmarks Provisionals 1904-1912-1915 (Record no. 1726)

000 -LEADER
fixed length control field 00403nam a22001097a 4500
008 - FIXED-LENGTH DATA ELEMENTS--GENERAL INFORMATION
fixed length control field 150928b xxu||||| |||| 00| 0 eng d
100 ## - MAIN ENTRY--AUTHOR'S NAME
Author's Name Nielsen, Lasse
245 ## - TITLE STATEMENT
Title Denmarks Provisionals 1904-1912-1915
Remainder of title Danmarks Provisorier 1904-1912-1915
260 ## - PUBLICATION, DISTRIBUTION, ETC. (IMPRINT)
Place of publication, distribution, etc. København NV, Danmark
Name of publisher, distributor, etc. Kjøbenhavns Philatelist Klub
Date of publication, distribution, etc. 1997
650 ## - TOPICAL TERM (Tag)
Topical term or geographic name Denmark -- Provisionals and Forerunners | 1904-1915
700 ## - SECONDARY AUTHOR, EDITOR OR ILLUSTRATOR
Personal Name Regeling, Henry
Holdings
Withdrawn status Lost status Source of classification or shelving scheme Damaged status Koha normalized classification for sorting Not for loan Permanent Location Current Location Date acquired Total Checkouts Full call number Barcode Date last seen Copy number Price effective from
        G6921 P969 N669 D   Northern Philatelic Library Northern Philatelic Library 09/28/2015   G6921 .P969 N669d 1002042 09/28/2015 1 09/28/2015

Powered by Koha